Lễ cầu trường thọ và ca dao dân tộc Tày

Sparad:
Bibliografiska uppgifter
Huvudupphovsman: Triệu Thị Mai
Övriga upphovsmän: Triều Ân
Materialtyp: Bok
Språk:Vietnamese
Publicerad: H. Thời đại 2012
Ämnen:
Taggar: Lägg till en tagg
Inga taggar, Lägg till första taggen!
Thư viện lưu trữ: Mạng thư viện Đại học Đà Nẵng
LEADER 01397aam a22003978a 4500
001 000017961
003 14388
005 20130820150858.0
008 130815s2012 viesd
020 |d 2000b 
041 0 |a vie 
082 1 4 |2 14  |a 398.809597  |b TR-M 
100 1 |a Triệu Thị Mai 
245 1 0 |a Lễ cầu trường thọ và ca dao dân tộc Tày  |c Triệu Thị Mai, Triều Ân 
260 |a H.  |b Thời đại  |c 2012 
300 |a 870 tr.  |c 21 cm. 
500 |a ĐTTS ghi: Hội Văn nghệ dân gian Việt Nam 
504 |a Thư mục tr.889-893 
546 |a Chính văn bằng hai thứ tiếng: Việt - Tày 
650 7 |2 Bộ TK TVQG  |a Văn học dân gian 
650 7 |2 Bộ TK TVQG  |a Phong tục tạp quán 
650 7 |2 Bộ TK TVQG  |a Dân tộc Tày  |z Việt Nam 
651 7 |2 Bộ TK TVQG  |a Việt Nam 
653 |a Lễ cầu thọ 
655 7 |2 Bộ TK TVQG  |a Ca dao 
700 1 |a Triều Ân 
OWN |a LSP 
AVA |a UDN50  |b LSP  |d 398.809597 TR-M  |e available  |t Error 5001 Not defined in file expand_doc_bib_avail.  |f 1  |g 0  |h N  |i 0  |k 1 
999 |a From the UDN01 
AVA |a UDN50  |b LSP  |d 398.809597 TR-M  |e available  |t Error 5001 Not defined in file expand_doc_bib_avail.  |f 1  |g 0  |h N  |i 0  |k 1 
TYP |a Monograph 
TYP |a Printed language 
980 |a Mạng thư viện Đại học Đà Nẵng